| 000 | 00860nam a2200205 a 4500 | ||
|---|---|---|---|
| 003 | 0 | ||
| 005 | 20250524105502.0 | ||
| 008 | 021128s19uu xx 00 eng d | ||
| 050 |
_aPGS LB 1028.5 _b.Sh556 2001 |
||
| 100 | _aShinozaki, Isamu. | ||
| 245 |
_aAn assessment of computer education and its effects by the grade six students of Southville International School (SY 2000-2001) / _cIsamu Shinozaki. |
||
| 260 |
_aLas PiƱas City, Philippines : _bSouthville International School and Colleges, _c2001. |
||
| 300 |
_a20 pages : _billustrations ; _c28 cm. |
||
| 504 | _aIncludes bibliographical references. | ||
| 650 | _aComputer-assisted instruction. | ||
| 650 |
_aComputer literacy _vStudy and teaching (Elementary). |
||
| 650 | _aEducational technology. | ||
| 650 |
_aEducation, Elementary _vEffect of technological innovations on. |
||
| 942 |
_2lcc _cPASS |
||
| 999 |
_c96494 _d96494 |
||